000
00245nam a2200097Ia 4500
008
240331s9999 xx 000 0 und d
082
_b
MED
100
_a
Konrad Adenauer
245
0
_a
Media and democracy :
_b
The KAF democracy report 2005
942
_c
L
999
_c
2536
_d
2536